| 000 | 00825nam a2200277 a 4500 | ||
|---|---|---|---|
| 003 | MX-MxUPN | ||
| 005 | 20230203063711.0 | ||
| 008 | 200123s1989 sp r 000 0 spa d | ||
| 020 | _a8425600715 | ||
| 035 | _aUPN01000235088 | ||
| 040 |
_aMX-MxUPN _bspa _cMX-MxUPN |
||
| 041 | 1 |
_aspa _hfre |
|
| 050 | 1 | 4 |
_aBF321 _bT63 1989 |
| 100 | 1 |
_aTocquet, Robert _947428 |
|
| 240 | 1 | 0 |
_aDéveloppez votre volonté, votre mémoire, votre attention. _lEspañol |
| 245 | 1 | 0 | _aCómo desarrollar la atención y la memoria |
| 250 | _a5a. edición. | ||
| 260 |
_aMadrid : _bIbérico Europea de Ediciones, _c1989. |
||
| 300 | _a191 páginas | ||
| 650 | 4 |
_aAtención _98528 |
|
| 650 | 4 |
_aMemoria _95324 |
|
| 700 | 1 |
_aEspina, Álvaro _947429 _etraductor |
|
| 902 | _aVíctor Ruiz/231122 | ||
| 942 |
_2lcc _cLIBRO |
||
| 999 |
_c207183 _d207183 |
||